000
00323nam a22001337a 4500
008
170531b xxu||||| |||| 00| 0 eng d
020
_a
9780807842164
041
_a
eng
080
_a
94
100
_a
17
101
_a
shh
245
_a
FEUD HATFIELDS AND SOCIAL CHANGR IN APPALACHIA
_c
WALKER.A.L
942
_2
udc
_c
BK
999
_c
15136
_d
15136